خوابوں کا اک جزیرہ : (Record no. 194234)

MARC details
000 -LEADER
fixed length control field 00672nam a22001937a 4500
005 - DATE AND TIME OF LATEST TRANSACTION
control field 20221212114938.0
010 ## - LCCN (DPL NO)
LC control number UR-11790
020 ## - INTERNATIONAL STANDARD BOOK NUMBER
International Standard Book Number 9789391238636
Terms of availability 250.00
035 ## - SYSTEM CONTROL NUMBER
System control number U-10345
037 ## - SOURCE OF ACQUISITION
Source of stock number/acquisition DBAD/PUB
Stock number -
082 ## - DEWEY DECIMAL CLASSIFICATION NUMBER
Classification number 841
100 ## - MAIN ENTRY--PERSONAL NAME
Personal name سرفراز اشہر
245 ## - TITLE STATEMENT
Title خوابوں کا اک جزیرہ :
Remainder of title (شعری مجموعہ) /
Statement of responsibility, etc سرفراز اشہر
Medium ا ر د و
246 ## - VARYING FORM OF TITLE
Title proper/short title Khwabon ka ek jazeera (Poetry) /
Remainder of title by Sarfaraz Ashhar
260 ## - PUBLICATION, DISTRIBUTION, ETC. (IMPRINT)
Place of publication, distribution, etc New Delhi
Name of publisher, distributor, etc Educational Publishing House
Date of publication, distribution, etc 2021 ء
270 ## - ADDRESS
Address H.o. D1/16, Ansari Road, Darya Ganj
City New Delhi
Postal code 110002
300 ## - PHYSICAL DESCRIPTION
Extent 140 ص
Dimensions 23cm(Hb)
942 ## - ADDED ENTRY ELEMENTS (KOHA)
Source of classification or shelving scheme Dewey Decimal Classification
Item type Urdu Bks
Classification part 841
Call number suffix س ر ف
Holdings
Withdrawn status Lost status Not for loan Collection code Home library Current library Date acquired Source of acquisition Cost, normal purchase price Full call number Barcode Copy number Cost, replacement price Koha item type
      Non-fiction Central Library Central Library 12/12/2022 DBAD/PUB 250.00 841 س ر ف U-10345 1 250.00 Urdu Bks

© Delhi Public Library
Hit Counter
free hit counter